<?xml version="1.0" encoding="UTF-8"?>
<record
    xmlns:xsi="http://www.w3.org/2001/XMLSchema-instance"
    xsi:schemaLocation="http://www.loc.gov/MARC21/slim http://www.loc.gov/standards/marcxml/schema/MARC21slim.xsd"
    xmlns="http://www.loc.gov/MARC21/slim">

  <leader>010760000a22001210004500</leader>
  <datafield tag="100" ind1="1" ind2=" ">
    <subfield code="a">Gallazzi, Sandro</subfield>
  </datafield>
  <datafield tag="245" ind1="1" ind2="0">
    <subfield code="a">Mi furor y mi celo</subfield>
  </datafield>
  <datafield tag="300" ind1=" " ind2=" ">
    <subfield code="a">Num. 38 (2001), P&#xE1;ginas 106-118</subfield>
  </datafield>
  <datafield tag="520" ind1=" " ind2=" ">
    <subfield code="a">Justificar y explicar la historia utilizando la alegor&#xED;a del celo furioso y devastador de Dios, es una manera de hacer teolog&#xED;a, de &#x201C;hablar sobre Dios&#x201D;. Es una opci&#xF3;n teol&#xF3;gica. La imagen que destaca, filtrada a trav&#xE9;s de estas p&#xE1;ginas es una imagen n&#xED;tida de un macho posesivo y vengador, que considera como la cosa m&#xE1;s tranquila y leg&#xED;tima del mundo, destruir a la mujer que era &#x201C;suya&#x201D; pero que, al no sentirse saciada, lo traicion&#xF3; y lo humill&#xF3;, corriendo detr&#xE1;s de cuerpos m&#xE1;s j&#xF3;venes, m&#xE1;s fuertes y mejor preparados. La relaci&#xF3;n hombre/mujer, cuando se vive de esta manera, acaba siendo no muy diferente de la relaci&#xF3;n padre/hijo(a), patr&#xF3;n/empleado, dominador/s&#xFA;bdito: &#xED;se trata &#xFA;nicamente de una relaci&#xF3;n de posesi&#xF3;n-poder!</subfield>
  </datafield>
  <datafield tag="700" ind1="1" ind2=" ">
    <subfield code="a">Rizzante, Anna Mar&#xED;a</subfield>
  </datafield>
  <datafield tag="773" ind1="0" ind2=" ">
    <subfield code="t">Revista de Interpretaci&#xF3;n B&#xED;blica Latinoamericana</subfield>
  </datafield>
  <datafield tag="942" ind1=" " ind2=" ">
    <subfield code="c">ANA</subfield>
  </datafield>
  <datafield tag="952" ind1=" " ind2=" ">
    <subfield code="0">0</subfield>
    <subfield code="1">0</subfield>
    <subfield code="4">0</subfield>
    <subfield code="7">0</subfield>
    <subfield code="8">HEM</subfield>
    <subfield code="a">FUSBC</subfield>
    <subfield code="b">FUSBC</subfield>
    <subfield code="d">2016-01-26</subfield>
    <subfield code="l">0</subfield>
    <subfield code="o"> </subfield>
    <subfield code="r">2016-01-26 00:00:00</subfield>
    <subfield code="w">2016-01-26</subfield>
    <subfield code="y">ANA</subfield>
  </datafield>
  <datafield tag="999" ind1=" " ind2=" ">
    <subfield code="c">52589</subfield>
    <subfield code="d">52589</subfield>
  </datafield>
</record>
